La energía hidroeléctrica /

Guardado en:
Autor Corporativo: TEA Educacional.
Formato: Deslizar
Materias:
Etiquetas: Agregar Etiqueta
Sin Etiquetas, Sea el primero en etiquetar este registro!
LEADER 00947ngm a22002535g 4500
001 CEM.cems021787
008 130507b1993##################0###0#####d
005 20240910172246.0
245 1 0 |a La energía hidroeléctrica /  |c TEA Educacional. 
300 |a 17 
500 |a En soporte VHS, consultar en ventanilla. 
505 0 |a Embalses. Como se produce la energía hidroeléctrica. Generadores: descripción y funcionamiento. Mantenimiento de las centrales. Sala de controles. Recorrido de las energía. 
538 |a Soporte: VHS - Norma: Pal N - Color - Grabación DRD 1993 - Hitachi=0000 
110 2 |a TEA Educacional. 
082 5 3 |/ CEA-1 
653 |a FISICA 
653 |a ELECTRICIDAD 
653 |a ENERGIA 
653 |a ENERGIA HIDROELECTRICA 
653 |a GENERADORES ELECTRICOS 
653 |a EMBALSES 
653 |a NIVEL PRIMARIO 
653 |a NIVEL SECUNDARIO 
859 |a CEMS  |b BIB. CEMS - Depto. Recursos Didacticos  |h 530  |i CEA-1  |k DRD  |p 430.12  |t Ej.1